000 00747 a2200193 4500
020 _a1568303416
040 _aDLC
_bDLC
082 0 0 _a005.3762
100 1 _aSinclair, Joseph T.
245 1 0 _aJava Web magic
_cJoseph T. Sinclair and Lee Callister.
260 _aIndianapolis, IN :
_bHayden Books,
_cc1997.
300 _ax, 224 p. :
_b col. ill. ;
_c23 cm. +
_e1 computer laser optical disc (4 3/4 in.)
538 _aSystem requirements Windows: 486 PC with 8MB RAM, CD-ROM drive, Windows 95.
538 _aSystem requirements Macintosh: 68030, 68040 or Power PC Processor, System 7 or later, 8MB RAM.
650 0 _aJava (Computer program language)
650 0 _aWeb sites
_xDesign.
700 1 _aCallister, Lee.
942 _cBK
_k005.3762 SIN
_2ddc
999 _c6161
_d6161